000 00338 a2200157 4500
001 61916
020 _a9788565765138
040 _cAnchieta - Pituba
100 _aRhodes, Morgan
240 1 0 _aA queda dos Reinos
_lpor
245 1 0 _aA queda dos Reinos
300 _a399
362 0 _a2013
650 4 _aLiteratura juvenil
942 _cBK
999 _c61916
_d61916